01134nac a22003017a 4500001001000000003000900010005001700019008003400036040005400070072000800124090001800132100001500150110007600165245011800241260003400359300001000393490010100403500002300504650002400527650001200551650001600563650001100579650001500590909004700605942001700652999001900669952014400688BR7503732BR-BrBNA20240105113856.0230509b bl.|||m| |||| 00| 0 por d aBR-BrBNAbporcBiblioteca Nacional de Agricultura aE10 aE10 BR75037321 aJatoba, J.1 aUniversidade Federal de Pernambuco, Recife (Brasil). Depto. de Economia1 aEmprego e industrializacao: a experiencia da Regiao metropolitana do Recife (RMR): 1950:1970 [Pernambuco, Brasil]3 aRecife, PE (Brasil): c1975.  a48 p. aTexto para Discussao - Universidade Federal de Pernambuco. Depto. de Economia (Brazil)vno. 20x a32 ref.; 17 tables aPOLITICA INDUSTRIAL aEMPREGO aMAO-DE-OBRA aRECIFE aPERNAMBUCO a202312bLúcia Elandec55dLúcia Elande 2AGRISn0cMS c266089d266089 002AGRIS40708Acervo Gerala41918b41918cAGROBASEl0oE10 BR7503732pE10 BR7503732r2023-12-18yMSePortaria Interministerial nº 164/94